MARC

LEADER 00000nam0a2200000 4500
001 268958
005 20231101234219.0
020 |a RU  |b 86-99747 
035 |a (RuTPU)RU\TPU\book\292114 
090 |a 268958 
100 |a 20140911d1986 k y0rusy5003 ca 
101 0 |a rus 
102 |a RU 
105 |a a z 001zy 
200 1 |a Динамика и прочность механических систем  |e межвузовский сборник научных трудов  |f Пермский политехнический институт (ППИ) ; под ред. Б. А. Иванова 
210 |a Пермь  |c Изд-во ППИ  |d 1986 
215 |a 135,10 с.  |c ил. 
320 |a Библиогр. в конце ст. 
606 1 |a Механические системы  |x Динамика  |2 stltpush  |3 (RuTPU)RU\TPU\subj\67689  |9 83398 
610 1 |a машины 
610 1 |a прочность 
610 1 |a напряженно-деформированное состояние 
610 1 |a усталостная прочность 
610 1 |a подшипники 
610 1 |a зубчатые передачи 
610 1 |a работоспособность 
610 1 |a детали машин 
675 |a 621.01:531.3  |z rus  |v 3 
702 1 |a Иванов  |b Б. А.  |g Борис Александрович  |4 340 
712 0 2 |a Пермский политехнический институт (ППИ)  |c (1960-1992)  |2 stltpush  |3 (RuTPU)RU\TPU\col\7911 
801 0 |a RU  |b RuMRKP  |c 19950417  |g psbo 
801 1 |a RU  |b 63413507  |c 20140911 
801 2 |a RU  |b 63413507  |c 20170221  |g RCR 
942 |c BK